000 00970nam a2200205 a 4500
001 42874
005 20180714021217.0
008 140415s1990 mx 000 0 spa d
041 _aspa
082 _a100.97248
_bCOL
100 1 _aCOLCHERO, CARLOS
245 1 3 _aLA FUNDACION DE LA ESCUELA DE FILOSOFIA Y LETRAS DE LA UAP :
_b( ENSAYO DE UNA MEMORIAS )
250 _a1a ed.
260 _aMEXICO :
_bUNIVERSIDAD AUTONOMA DE PUEBLA,
_c1990
300 _a92
_cx 13.05 x 20
490 _aCRONICAS Y TESTIMONIOS
500 _aCOLECCIÓN PUEBLA
520 _aEL AUTOR HACE UN REPASO DE LA VIDA DE LA ESCUELA DE FILOSOFIA Y LETRAS DESDE LA PRIMERAS DISCUSIONES PARA SU CREACION, HASTA FINALES DEL AÑO 1987 EN EL RECORRIDO POR ESTAS PAGINAS DE LA HISTORIA CENTRA SU ATENCION SOBRE ALGUNOS PASAJES DEL MOVIMIENTO DE REFORMA UNIVERSITARIA DEL QUE SE RECONOCE PATIDARIO POR SU CONTENIDO DEMOCRATICO Y DE JUSTICIA SOCIAL,
650 1 4 _aESCUELAS DE FILOSOFIA
999 _c42874
_d42874